Statistics for Kings and Queens of England and the United Kingdom

Click here to take the quiz!

General Stats

  • This quiz has been taken 8,650 times
    (1,268 since last reset)
  • The average score is 44 of 62

Answer Stats

HintAnswer% Correct
Golden Age Queen, Virgin Queen, Spanish Armada, daughter of Anne BoleynElizabeth I
92%
Executed in 1649, English Civil War, Oliver CromwellCharles I
91%
Restored monarchy in 1660, famously "Merry", Great Fire of London, Titus OatesCharles II
91%
Our longest reigning Monarch, she reigned for 70 yearsElizabeth II
91%
Battle of Agincourt, featured in three Shakespeare playsHenry V
91%
Second-longest reigning Monarch, Industrial Revolution, 19th century era named after herVictoria
91%
The present Monarch, the longest-serving Prince of Wales in historyCharles III
90%
Longshanks, "Hammer of the Scots", expelled Jews from EnglandEdward I
90%
First Hanoverian KingGeorge I
90%
Last British monarch born outside Great Britain, Bonnie Prince CharlieGeorge II
90%
Beauclerc, created Royal Exchequer, dispute with St AnselmHenry I
90%
Weak willed, occasionally insane, deposed and returned as KingHenry VI
90%
First Tudor KingHenry VII
90%
Six wives, Dissolution of the Monasteries, had two wives beheadedHenry VIII
90%
The Conqueror, Battle of Hastings victor, Domesday BookWilliam I
90%
Famously suffered from a mental illness, American War of Independence, Napoleonic WarsGeorge III
89%
Possible gay relationship with Piers Gaveston, rumoured death by red hot pokerEdward II
88%
Murdered in the Tower of London aged around 13, King for 86 daysEdward V
88%
Boy King, 'The Prince and the Pauper', named his young cousin as successorEdward VI
88%
First World War, cousin of Kaiser Wilhelm and Tsar Nicholas, first Labour governmentGeorge V
88%
First Angevin King, murder of Thomas BecketHenry II
88%
Red-faced King, killed while hunting in the New ForestWilliam II (Rufus)
88%
Order of the Garter, start of the Hundred Year's War, Battle of Crecy, Battle of PoitiersEdward III
87%
Longest serving Prince of Wales, Uncle of Europe, "Peacemaker"Edward VII
87%
Commissioned Nash to build Brighton Pavilion, disliked by his subjects, wasteful spendingGeorge IV
87%
Second World War, last Emperor of India, first head of the CommonwealthGeorge VI
87%
Became King aged 9, Simon de Montfort, fourth longest reigning monarchHenry III
87%
Bolingbroke, Owen Glyndwr, Battle of Shrewsbury, buried in Canterbury CathedralHenry IV
86%
Nicknamed "Bloody", burned Protestant martyrs, married Philip II of SpainMary I
86%
Crusader, spent only six months in England as King, Melek-RicRichard I
86%
Wars of the Roses, Battle of Tewkesbury, married Elizabeth WoodvilleEdward IV
85%
Abdicated to marry an American divorcee after 11 months as KingEdward VIII
85%
First Stuart King, wisest fool in Christendom, Gunpowder PlotJames I
84%
King aged 4, regency of John of Gaunt, Peasant's Revolt, deposedRichard II
84%
Glorious Revolution, husband of the above, member of the House of OrangeWilliam III
84%
Reigned as the first monarch of Great Britain and Ireland, Act of UnionAnne
83%
Last Catholic monarch, Battle of the Boyne, deposedJames II
83%
Lackland, Magna Carta, youngest son of Eleanor of AquitaineJohn
83%
Supposed murderer of the above, hunchbacked, died during Battle of BosworthRichard III
83%
Glorious Revolution, reigned jointly with her husbandMary II
81%
The Sailor King, Reform RiotsWilliam IV
77%
The Anarchy, disputed throne with his female cousinStephen
74%
King of Wessex, burned cakesAlfred the Great
67%
Skilled hunter, briefly shared rule with his half-brother, died aged 24Harold I
66%
Killed at the Battle of Hastings, last King of the Anglo-SaxonsHarold II
66%
Disputed claimant to the throne, Queen for nine days, executed aged 16Lady Jane Grey
66%
Tried to stop the tide, DanegeldCanute
54%
Poorly advised, famously "unprepared" for KinghoodEthelred the Unready
53%
The Anarchy, disputed Queen, styled as EmpressMatilda
52%
Canonised by Pope Alexander III, famously pious, last King of WessexEdward the Confessor
43%
First recognised King of EnglandAthelstan
39%
The Magnificent, revival of monasteries, stabbed to deathEdmund I
35%
The Peaceful, St Dunstan as advisorEdgar
32%
Proclaimed King but never crowned, exiled after Norman InvasionEdgar II
32%
King for two years, last Danish King of EnglandHarthacanute
27%
Resisted Danish Invasion, King for six monthsEdmund II (Ironside)
26%
Second King of the Anglo Saxons, Royal court at WinchesterEdward the Elder
24%
Co-ruler with his father (above), junior KingHenry the Young King
22%
First Danish King of EnglandSweyn Forkbeard
22%
Theological conflicts with St DunstanEadwig
21%
Murdered at Corfe Castle, modern-day cult following in the Catholic ChurchEdward the Martyr
20%
Battled Eric "Bloodaxe"Eadred
19%

Score Distribution

Percentile by Number Answered

Percent of People with Each Score

Your Score History

You have not taken this quiz since the last reset